| 000 | 00000nam 2200000za 4500 |
| 001 | 9.643850 |
| 003 | CaOODSP |
| 005 | 20240624082232 |
| 007 | cr ||||||||||| |
| 008 | 150407|1966||||xxc|||||o f|0| 0 fre d |
| 040 | |aCaOODSP|bfre |
| 043 | |an-cn--- |
| 086 | 1 |aZ1-1966/2F-PDF |
| 245 | 00|aRapport de la Commission d'enquête sur certaines questions relatives à la dénommée Gerda Munsinger |h[ressource électronique] / |cWishart Flett Spence, commissaire. |
| 260 | |aOttawa : |bBureau du Conseil privé, |c1966. |
| 300 | |a108 p. |
| 500 | |a« Septembre 1966. » |
| 500 | |aPublication historique numérisée en 2008 par le Bureau du Conseil privé du Canada. |
| 590 | |a15-04-Supp|b2015-03-19 |
| 691 | 07|aCommission d'enquête|2gcpds |
| 691 | 07|aRenseignement de sécurité|2gcpds |
| 710 | 1 |aCanada. |bBureau du Conseil privé. |
| 775 | 08|tReport of the Commission of Inquiry into Matters Relating to One Gerda Munsinger / |w(CaOODSP)9.699896 |
| 856 | 40|ahttp://publications.gc.ca|qPDF|s4.74 Mo|uhttps://publications.gc.ca/collections/collection_2014/bcp-pco/Z1-1966-2-fra.pdf |